000 01151cam a2200277 a 4500
999 _c139
_d139
001 545285
003 SCU
005 20190729083901.0
008 090921t20112009nyub j 000 1 eng d
020 _a9780440239550 (pbk.)
020 _a0440239559 (pbk.)
040 _dSCU
_cKH8
042 _anbic
082 _aFIC PER
100 1 _aPerkins, Mitali.
_eauthor
245 1 0 _aSecret keeper /
_cMitali Perkins.
250 _a1st trade pbk. ed.
260 _aNew York :
_bRamdom House,
_c2011, c2009.
300 _a225 p. :
_bmap ;
_c21 cm.
520 _aIn 1974 when her father leaves New Delhi, India, to seek a job in New York, Ashi, a tomboy at the advanced age of sixteen, feels thwarted in the home of her extended family in Calcutta where she, her mother, and sister must stay, and when her father dies before he can send for them, they must remain with their relatives and observe the old-fashioned traditions that Ashi hates.
650 0 _aSisters
_vJuvenile fiction.
650 0 _aIndividuality
_vJuvenile fiction.
650 0 _aFamilies
_zIndia
_vJuvenile fiction.
651 0 _aIndia
_xHistory
_y1947-
_vJuvenile fiction.
942 _2ddc
_cFIC